000 00651nam a2200217Ia 4500
005 20250508165224.0
008 008 250505s9999 xx 000 0 eng d
020 _a978-81-203-4373-3
037 _aTextBook
040 _aFEDL
_beng
_cFEDL
041 _aeng
_2eng
084 _a363.7, CHA/R
_qFEDL
100 _aChaudhary M A
245 0 _aEnvironmental education and training: Trend, tradition and transformation
260 _aNew Delhi, India
_bGlobal Vision Publishing House
_c2011
300 _ax, 301p.
365 _aINR
_b2200
700 _a Tripathi S M
_9780186
942 _cTB
_h363.7, CHA/R
999 _c1393916
_d1393916